Sports Quiz

Random Sports or Football Quiz

Fantasy Football Leaders of 2014-2015 Quiz Stats

Quiz not verified by Sporcle

Challenge
Share
Tweet
Embed
Score 0/10 Timer 07:00
0 Plays Today
Rank Player % Correct
1Aaron Rodgers
92.1%
4Peyton Manning
88.9%
2Andrew Luck
82.5%
8Le'Veon Bell
73%
3Russel Wilson
65.1%
6Drew Brees
65.1%
7DeMarco Murray
60.3%
5Ben Roethlisberger
58.7%
9Matt Ryan
57.1%
10Ryan Tannehill
31.7%

You're not logged in!

Compare scores with friends on all Sporcle quizzes.
Join for Free
OR
Log In

You Might Also Like...

Show Comments

Extras

Top Quizzes Today


Score Distribution

Your Account Isn't Verified!

In order to create a playlist on Sporcle, you need to verify the email address you used during registration. Go to your Sporcle Settings to finish the process.

Report this User

Report this user for behavior that violates our Community Guidelines.

Details: